000 00798nam a2200217Ii 4500
003 JO-AjNU
008 230605s9999||||xx |||||||||||||| ||und||
020 _a2-84409-185-7
040 _aJO-AjNU
_bara
_erda
_cJO-AjNU
041 _aara
050 1 4 _aQA76.76.M52.F7352 2001
100 3 _a اعداد Perspection Inc؛ ترجمة مركز التعريب والبرمجة ,
_eauthor
_928862
245 0 0 _aخطوة خطوة Microsoft Power Point 2002: برنامج من مجموعة microsoft office XP
250 _aط1
264 3 1 _aبيروت:الدار العربية للعلوم ، 2001
300 _a372ص
336 _atext
_btxt
_2rdacontent
337 _aunmediated
_bn
_2rdamedia
338 _avolume
_bnc
_2rdacarrier
650 4 _aالانترنت - شبكات الحاسوب
_928863
999 _aA11248
_c14816
_d14816